Fracture and fatigue of stainless steel wide gap brazed with nickel based filler metals /
Saved in:
| Main Author: | |
|---|---|
| Format: | Thesis Book |
| Language: | English |
| Published: |
1994.
|
| Subjects: | |
| Tags: |
Add Tag
No Tags, Be the first to tag this record!
|
| LEADER | 00839cam a2200265 a 4500 | ||
|---|---|---|---|
| 001 | u377765 | ||
| 003 | SIRSI | ||
| 008 | 940713s1994 si v 00 1 eng m | ||
| 035 | |a ABW-7774 | ||
| 040 | |a UMM | ||
| 090 | |a TA492 |b B73Yu | ||
| 100 | 1 | 0 | |a Yu, Yonghe. |
| 245 | 1 | 0 | |a Fracture and fatigue of stainless steel wide gap brazed with nickel based filler metals / |c by Yu Yonghe. |
| 260 | |c 1994. | ||
| 300 | |a xi, 124 leaves : |b ill. ; |c 30 cm. | ||
| 502 | |a Dissertation (M.Eng.) -- National University of Singapore, 1994. | ||
| 504 | |a Bibliography: leaves 119-124. | ||
| 650 | 0 | |a Brazed joints. | |
| 650 | 0 | |a Steel, Structural. | |
| 650 | 0 | |a Fracture mechanics. | |
| 650 | 0 | |a Nickel. | |
| 650 | 0 | |a Filler metal | |
| 948 | |a 26/07/1995 |b 14/08/2002 | ||
| 596 | |a 1 | ||
| 999 | |a TA492 B73YU |w LC |c 1 |i A504951584 |l STACKS |m P01UTAMA |r Y |s Y |t TESIS |u 28/7/1995 | ||
